000 00552nam a2200205Ia 4500
999 _c38623
_d38623
003 OSt
005 20210427152445.0
008 160316s1957 xxu||||| |||| 00| 0 eng d
020 _a9780801025242
040 _cN
082 _a230.000000
_bCAL
100 _aCalvin John
245 _aInstitutes of the Christian religion
260 _aPhiladelphia
_bPresbyterian Board Of Christian Education
_c1957
300 _a835p
365 _b Gratis
650 _a1. Reformed Church - Doctrines2. Theology - Doctrinal
700 _a
_a
942 _2ddc
_cBK